000 00422nam a2200181Ia 4500
008 230524s9999 xx 000 0 und d
020 _a9780071072533
082 _a621.31912
_bKAM
100 _aS Kamakshaiah
245 0 _aHVDC Transmission
250 _a1
260 _aChennai
_bMGH
_c2017
300 _a"x,372p;"
500 _aQuantity Number: 30
650 _aElectrical
700 _aV Kamaraju
942 _cBK
999 _c59302
_d59302